000 00514nam a2200193 4500
001 00028700
005 20260406090513.0
008 260406b ag ||||| |||| 00| 0 spa d
040 _aAR-CcCEOS
_bspa
_cAR-CcCEOS
041 _aspa
080 _a930-9(031)
090 _bHIS
245 _aHistoria de las Religiones
264 _aBarcelona :
_bRamón Sopena,
_cc1965.
300 _a738 p. ;
_c24x15 cm.
490 _vBiblioteca Hispania Ilustrada
655 0 _ahistoria
_xreligión
_958
942 _2udc
_n0
_cBK
999 _c28733
_d28733